त्रांदाइम में ट्राम / (Record no. 39983)

MARC details
000 -LEADER
fixed length control field 01043nam a22002417a 4500
005 - DATE AND TIME OF LATEST TRANSACTION
control field 20100807112112.0
010 ## - LCCN (DPL NO)
LC control number HIN-90041
020 ## - INTERNATIONAL STANDARD BOOK NUMBER
Terms of availability 200.00
International Standard Book Number 8188858803
035 ## - SYSTEM CONTROL NUMBER
System control number HN-62387
037 ## - SOURCE OF ACQUISITION
Source of stock number/acquisition DBAD / PUB
082 ## - DEWEY DECIMAL CLASSIFICATION NUMBER
Classification number 910.4
100 ## - MAIN ENTRY--PERSONAL NAME
Personal name शुक्ल, प्रयाग
245 ## - TITLE STATEMENT
Title त्रांदाइम में ट्राम /
Statement of responsibility, etc प्रयाग शुक्ल
246 ## - VARYING FORM OF TITLE
Title proper/short title Trondheim Mein Tram
Remainder of title by Prayag Shukla
260 ## - PUBLICATION, DISTRIBUTION, ETC. (IMPRINT)
Place of publication, distribution, etc बीकानेर
Name of publisher, distributor, etc सूर्य प्रकाशन मन्दिर
Date of publication, distribution, etc 2010
270 ## - ADDRESS
Address नेहरू मार्ग (दाऊजी रोड़)
City बीकानेर
300 ## - PHYSICAL DESCRIPTION
Extent 160पृ
Dimensions 22सेमी (सजिल्द)
700 ## - ADDED ENTRY--PERSONAL NAME
9 (RLIN) 7228
700 ## - ADDED ENTRY--PERSONAL NAME
9 (RLIN) 7267
700 ## - ADDED ENTRY--PERSONAL NAME
9 (RLIN) 7698
942 ## - ADDED ENTRY ELEMENTS (KOHA)
Institution code [OBSOLETE] dpl
Item type Hindi Books
Call number prefix
Source of classification or shelving scheme Dewey Decimal Classification
Call number suffix शुक्लप्र
Classification part 910.4
Holdings
Withdrawn status Lost status Not for loan Collection code Home library Current library Date acquired Source of acquisition Cost, normal purchase price Full call number Barcode Copy number Cost, replacement price Koha item type
    Not For Loan Non-fiction D.B.Act.Division D.B.Act.Division 07/08/2010 DBAD / PUB 200.00 910.4 शुक्लप्र HN-62387 1 200.00 Hindi Books

© Delhi Public Library
Hit Counter
free hit counter